| 000 | 01016nam a2200229Ia 4500 | ||
|---|---|---|---|
| 003 | IN-BaIIA | ||
| 008 | 211028s9999 xx 000 0 eng d | ||
| 020 | _a0-521-85607-8 | ||
| 040 | _cIIA Library | ||
| 080 |
_a082.2:52 _bIAU-C200 |
||
| 111 |
_aColloquium of the International Astronomical Union _n200th _cFrance _d2005 Oct. 3-7 _930043 |
||
| 245 | 0 |
_aDirect imaging of exoplanets-science and techniques _bproceedings of the 200th colloquium of the International Astronomical Union held in Villefranche Sur Mer, France, October 3-7, 2005 _cedited by Claude Aime and Farrokh Vakili |
|
| 260 |
_aCambridge _bCambridge University Press _c2006 |
||
| 300 | _axxv, 638p. | ||
| 490 | _aIAU colloquium; no. 200 | ||
| 650 |
_aExtrasolar planets-congresses _930044 |
||
| 650 |
_aImaging systems in astronomy - congresses. _930045 |
||
| 700 |
_aAime, Claude, ed. _930046 |
||
| 700 |
_aVakili, Farrokh, ed. _930047 |
||
| 710 | _aInternational Astronomical Union | ||
| 942 | _cBK | ||
| 999 |
_c16240 _d16240 |
||